| 000 | 00723nam a2200241 a 4500 | ||
|---|---|---|---|
| 005 | 20240803063721.0 | ||
| 008 | 160919s2006 mx r 000 0 spa d | ||
| 020 | _a970992334X (Celistia) | ||
| 020 | _a9680103277 (SEP) | ||
| 035 | _aUPN01000213344 | ||
| 049 | _aI | ||
| 050 | 4 |
_aPZ8.2 _bL6.3 |
|
| 100 | 1 |
_aLobel, Arnold, _d1933-1987 _934039 |
|
| 245 | 1 | 0 |
_aFábulas / _ctexto e il. de Arnold Lobel ; tr. Paula Vicens. |
| 260 |
_aMéxico : _bSEP : _bCelistia, _c2006. |
||
| 300 |
_a46 p. : _bil. col. |
||
| 440 | 0 |
_aLibros del rincón. _pPasos de luna |
|
| 534 |
_pTítulo original: _tFables |
||
| 650 | 4 |
_aFábulas _98251 |
|
| 650 | 4 |
_aLibros y lectura para niños _92290 |
|
| 905 | _aInfantil | ||
| 999 |
_c185444 _d185444 |
||